| 000 | 00452pab a2200169 454500 | ||
|---|---|---|---|
| 008 | 180718b2017 xxu||||| |||| 00| 0 eng d | ||
| 100 | _aMeena, Janak Singh | ||
| 245 | _aShaashan- prashaasan me sushaasan ka Sardar Patel model | ||
| 260 | _c2017 | ||
| 300 | _ap.248-253. | ||
| 362 | _aJul-Dec | ||
| 650 | _aSardar Vallabhbhai Patel | ||
| 650 | _aGood governance | ||
| 650 | _aPublic administration | ||
| 773 | _aLok Prashasan | ||
| 909 | _a117313 | ||
| 999 |
_c117307 _d117307 |
||